000 01117nam0a22002411 4500
001 rc\3263096
005 20260407230410.0
021 _aRU
_bРг7399-71
035 _a(NLR Aleph) 007387988
090 _a6579840
_c6579840
100 _a20130115d1970 |||y0rusy50 ca
101 0 _arus
102 _aRU
105 _ay c |||||
200 1 _aУказания по технологии изготовления аппаратуры из бипластмасс (винипластстеклопластик)
_eМСН 254 70 / ММСС СССР
_eУтв. 25/VIII 1970 г.
_fМинмонтажспецстрой СССР. ЦБНТИ. Главтепломонтаж. ВНИПИ. Теплопроект
210 _aМосква
_cБ. и.
_d1970
215 _a28 с.
_d21
712 0 1 _aСССР
_bГлавное управление по проектированию и производству теплотехнических и изоляционных работ
_3RU\NLR\AUTH\8810155484
_9806339
801 0 _aRU
_bNLR
_gpsbo
801 1 _aRU
_bELAR
_2rusmarc
852 _aNLR
_jПт 80/256-254-70
942 _cBOOK
980 _aNB